000 00556nam a2200157 i 4500
001 45954
003 ES-MaACL
005 20230906161314.0
007 t|
008 030327m19561960lu ||||1| fre d
110 2 _aComunidad Europea del Carbón y del Acero.
_93133
245 1 0 _aHauté autorité
_b: les investissements dans les industries du charbon et de l'acier de la Communauté.
260 _a[S.l. :
_bs.n.,
_c1956-160] (
_fService des Publications des Communautes Europeennes)
300 _a4 v. ;
_c28 cm.
852 _aES-MaACL
_jP-936-bis
_bR.42964
999 _c45954
_d45954